Hybridné formy financovania, ich zneužitie v medzinárodnom vyhýbaní sa daniam a protiopatrenia vlád diplomová práca

Salvato in:
Dettagli Bibliografici
Autore principale: Krajčiová, Martina
Ente Autore: Národohospodárska fakulta EU. Katedra financií
Altri autori: Kubicová, Jana, 1961-
Natura: Libro
Lingua:slovacco
Pubblicazione: Bratislava 2011
Tags: Aggiungi Tag
Nessun Tag, puoi essere il primo ad aggiungerne!!

MARC

LEADER 00000nbm a2200000 4500
001 0130921
005 20161109101631.0
041 0 |a slo 
044 |a SK 
245 1 0 |a Hybridné formy financovania, ich zneužitie v medzinárodnom vyhýbaní sa daniam a protiopatrenia vlád  |b diplomová práca  |c Martina Krajčiová ; školiteľ: Jana Kubicová 
264 1 |a Bratislava  |c 2011 
300 |a 86 s. 
100 1 |a Krajčiová, Martina 
700 1 |a Kubicová, Jana, 1961- 
710 2 |a Národohospodárska fakulta EU. Katedra financií